Statistics for Formula 1 Questions

Click here to take the quiz!

General Stats

  • This quiz has been taken 30 times
  • The average score is 13 of 23

Answer Stats

QuestionAnswer% Correct
What F1 team has the most wins?Ferrari
100%
Who's known as Iceman?Kimi Räikkönen
91%
In which country was the first Formula 1 race held?United Kingdom
91%
How old was Max Verstappen when he started his first Grand Prix?17 years old
82%
How many drivers are racing in the 2023 World Championship?20 drivers
82%
When did Kevin Magnussen come back to F1?2022
77%
Who won the 2021 Hungarian Grand Prix?Esteban Ocon
73%
Which team did Lewis Hamilton race for when he won his first F1 world championship?McLaren
73%
What's the name of the only Polish driver in Formula 1 history?Robert Kubica
73%
Who's the youngest driver to win a world champion?Sebastian Vettel
68%
How many championships are there each season?2
64%
In 2016, who became F1 World Champion and then announced his retirement a few days later?Nico Rosberg
64%
Which flag indicates the race has been suspended?Red flag
59%
Who led the most laps in the Spanish Grand Prix 2022?Charles Leclerc
50%
When did F1 make its first visit to Bahrain?2004
45%
What's the average pitstop time in F1?3 seconds
41%
Which Australian racing driver was F1 World Champion in 1959, 1960, and 1966?Jack Brabham
41%
Which Formula 1 world champion passed away after a Formula 2 accident in 1968 in Germany?Jim Clark
41%
Who is the oldest driver to have won a championship?Juan Manuel Fangio
32%
What kind of license must F1 drivers hold?Super License
27%
What's the longest circuit in F1 history?Pescara Circuit
23%
What nicknames do Fernando Alonso fans use to refer to him?El Nano or Magic Alonso
14%
Who is the current Formula One Group CEO?Stefano Domenicali
5%

Score Distribution

Percentile by Number Answered

Percent of People with Each Score

Your Score History

You have not taken this quiz